• 首页
  • 本馆介绍
  • 公告通知
  • 最新文献
  • 馆藏检索
  • 电子资源
  • 读者导购
  • 参考咨询
  • 我的图书馆
  • 登录
  • 详细信息显示
  • 放入我的书架
  • 预约/预借图书
  • 作者相关作品
  • 分类相关作品
  • 丛书相关作品
  • 出版社相关作品

书目信息

  • 表格格式
  • 工作单格式
  • 卡片格式
题名:
读懂马克思
    
 
作者: 王锐生黎德化
分册:  
出版信息: 成都   四川人民出版社  2001
页数: 382
开本: 20cm
丛书名: 读懂领袖丛书
单 册:
中图分类: A715
科图分类:
主题词: 恩格斯--生平事迹 , 恩格斯--传记 , 列宁--生平事迹 , 列宁--传记 , 毛泽东--生平事迹 , 马克思--生事迹 , 马克思--传记 , 毛泽东--传记
电子资源:
ISBN: 7-220-05268-5
000 00800nam0 2200289 450
001 1231977983
005 20121003090311.90
010    @a7-220-05268-5@dCNY20.00
100    @a20070904d km y0chiy0120 ea
101 0  @achi
200 1  @a读懂马克思@Adu dong ma ke si@f王锐生黎德化@Fwang rui sheng li de hua
210    @a成都@c四川人民出版社@d2001
215    @a382@d20cm
225 2  @a读懂领袖丛书
410  0 @12001 @a读懂领袖丛书
606 0  @a恩格斯@x生平事迹
606 0  @a恩格斯@x传记
606 0  @a列宁@x生平事迹
606 0  @a列宁@x传记
606 0  @a毛泽东@x生平事迹
606 0  @a马克思@x生事迹
606 0  @a马克思@x传记
606 0  @a毛泽东@x传记
690    @aA715@v4
701  0 @a王锐生黎德化@Awang rui sheng li de hua
801  0 @aCN@bPFT@c20070904
905    @a10447@dA715@eJY11
    
    读懂马克思/王锐生黎德化.-成都:四川人民出版社,2001
    382;20cm.-(读懂领袖丛书)
    
    
    ISBN 7-220-05268-5:CNY20.00
    
●
相关链接 在E读中查询图书 在五车中查询图书 在当当中查询图书 在豆瓣中查询图书


正题名:读懂马克思     索取号:A715/JY11         预约/预借

序号 登录号 条形码 馆藏地/架位号 状态 备注
1 7800419   278004197   学院路分馆/ [索取号:A715/JY11] 在馆    
2 7800420   278004204   学院路分馆/ [索取号:A715/JY11] 在馆    
3 7800421   278004213   学院路分馆/ [索取号:A715/JY11] 在馆    
4 7800422   278004222   学院路分馆/ [索取号:A715/JY11] 在馆    
唐山师范学院图书馆 欢迎您!
大连网信软件有限公司© 版权所有